Top 20 Länder nach Einwohner (absteigende Reihenfolge) - Statistiken

Allgemein
  • Dieses Quiz wurde 4 mal gespielt
  • Das Durchschnittsergebnis liegt bei 12 aus 20
Antwortstatistiken
Anzahl Einwohner (2022) Länder % Korrekt
1'436'600'000 China
100%
1'417'200'000 Indien
100%
171'200'000 Bangladesch
75%
214'800'000 Brasilien
75%
83'300'000 Deutschland
75%
275'500'000 Indonesien
75%
127'500'000 Mexiko
75%
235'800'000 Pakistan
75%
144'300'000 Russland
75%
332'800'000 Vereinigte Staaten
75%
88'600'000 Iran
50%
124'900'000 Japan
50%
218'500'000 Nigeria
50%
115'600'000 Philippinen
50%
85'200'000 Türkei
50%
99'400'000 Vietnam
50%
103'500'000 Ägypten
25%
123'400'000 Äthiopien
25%
99'000'000 Demokratische Republik Kongo
25%
67'600'000 Grossbritannien
25%
Keine übereinstimmenden Quizze gefunden
Verteilung der Resultate
Anzahl Personen mit jedem Resultat
Perzentil nach korrekt beantworteten Fragen
Ihre Resultats-Entwicklung
Sie haben dieses Quiz noch nicht gespielt